[Event "13. Dubai open 2011"]
[Site "Dubai UAE"]
[Date "2011.04.17"]
[Round "8.35"]
[White "Sanal, Vahap"]
[Black "Zarkua, Davit"]
[Result "0-1"]
[WhiteElo "2200"]
[BlackElo "2397"]
[PlyCount "68"]
[EventDate "2011.04.10"]
[EventType "swiss"]
[EventRounds "9"]
[EventCountry "UAE"]
[Source "lmi"]
[SourceDate "2011.04.09"]

1. e4 c5 2. Nf3 e6 3. d4 cxd4 4. Nxd4 a6 5. Bd3 Nf6 6. O-O e5 7. Nb3 d6 8. Nc3
Be7 9. a4 Be6 10. a5 Nbd7 11. Qe2 O-O 12. h3 g6 13. Kh2 Rc8 14. Be3 Qc7 15. g3
d5 16. exd5 Nxd5 17. Nxd5 Bxd5 18. Bh6 Rfe8 19. Be4 Bxe4 20. Qxe4 Nf6 21. Qe2
Qxc2 22. Nd2 e4 23. Rac1 Qd3 24. Qe3 Bf8 25. Bxf8 Kxf8 26. Qxd3 exd3 27. Kg2
Rc2 28. Rxc2 dxc2 29. Rc1 Rc8 30. Nf1 Nd5 31. Ne3 Nxe3+ 32. fxe3 Ke7 33. Kf3
Kf6 34. Ke4 h5 0-1

[Event "13. Dubai open 2011"]
[Site "Dubai UAE"]
[Date "2011.04.17"]
[Round "8.40"]
[White "Gutov, Andrey"]
[Black "Feldman, Vladimir"]
[Result "1-0"]
[WhiteElo "2445"]
[BlackElo "2270"]
[PlyCount "63"]
[EventDate "2011.04.10"]
[EventType "swiss"]
[EventRounds "9"]
[EventCountry "UAE"]
[Source "lmi"]
[SourceDate "2011.04.09"]

1. e4 c5 2. Nc3 Nc6 3. f4 g6 4. Nf3 Bg7 5. Bb5 Nd4 6. O-O Nxb5 7. Nxb5 d5 8.
exd5 a6 9. Nc3 Nf6 10. d4 c4 11. Qe2 b5 12. Re1 Bb7 13. f5 Bxd5 14. Nxd5 Nxd5
15. c3 O-O 16. Qe4 Qd7 17. fxg6 hxg6 18. Qh4 Rfe8 19. Ng5 a5 20. Qh7+ Kf8 21.
Ne4 e5 22. dxe5 Bxe5 23. Bh6+ Ke7 24. Bg5+ Kf8 25. Nf6 Nxf6 26. Qh8+ Ng8 27.
Bh6+ Ke7 28. Qxe5+ Kd8 29. Bg5+ f6 30. Bxf6+ Nxf6 31. Qxf6+ Kc7 32. Qxg6 1-0

[Event "13. Dubai open 2011"]
[Site "Dubai UAE"]
[Date "2011.04.17"]
[Round "8.41"]
[White "Guidez, Yann-Michael"]
[Black "Anwesh, Upadhyaya"]
[Result "0-1"]
[WhiteElo "2247"]
[BlackElo "2432"]
[PlyCount "90"]
[EventDate "2011.04.10"]
[EventType "swiss"]
[EventRounds "9"]
[EventCountry "UAE"]
[Source "lmi"]
[SourceDate "2011.04.09"]

1. g3 d5 2. Bg2 Nf6 3. Nf3 c6 4. O-O Bf5 5. d3 e6 6. Nbd2 h6 7. c4 Be7 8. Qb3
Qb6 9. cxd5 exd5 10. Qxb6 axb6 11. e4 dxe4 12. Nd4 Bh7 13. dxe4 Nbd7 14. Nf5
Bxf5 15. exf5 O-O 16. Nb3 Nc5 17. Be3 Nxb3 18. axb3 b5 19. Bf3 Rfd8 20. Kg2 Ne8
21. Rfd1 Rxa1 22. Rxa1 Bd6 23. Bb6 Rc8 24. Rd1 Bc7 25. Bxc7 Rxc7 26. g4 Kf8 27.
h4 Nf6 28. Rd8+ Ke7 29. Rh8 b4 30. g5 hxg5 31. hxg5 Ne8 32. Bg4 b5 33. f4 c5
34. Kf3 c4 35. bxc4 bxc4 36. Rh1 c3 37. bxc3 Rxc3+ 38. Ke2 Nd6 39. Re1 Kd8 40.
Rb1 b3 41. Ke1 Ne4 42. Bd1 Re3+ 43. Kf1 Nd2+ 44. Kf2 Nxb1 45. Kxe3 b2 0-1

[Event "13. Dubai open 2011"]
[Site "Dubai UAE"]
[Date "2011.04.17"]
[Round "8.42"]
[White "Udeshi, Aditya"]
[Black "Omar, Noaman"]
[Result "1-0"]
[WhiteElo "2362"]
[BlackElo "2253"]
[PlyCount "61"]
[EventDate "2011.04.10"]
[EventType "swiss"]
[EventRounds "9"]
[EventCountry "UAE"]
[Source "lmi"]
[SourceDate "2011.04.09"]

1. e4 c5 2. Nf3 e6 3. d4 cxd4 4. Nxd4 a6 5. Bd3 Bc5 6. Nb3 Ba7 7. Nc3 Nc6 8.
Qe2 d6 9. Be3 Bxe3 10. Qxe3 Nf6 11. O-O e5 12. Nd5 Nxd5 13. exd5 Ne7 14. c4 O-O
15. f4 exf4 16. Qxf4 Ng6 17. Bxg6 hxg6 18. Nd4 Qc7 19. Rac1 Qb6 20. b3 Bd7 21.
Rce1 Rae8 22. Rxe8 Bxe8 23. Kh1 g5 24. Qg4 Qd8 25. Qg3 g6 26. h3 b5 27. cxb5
Bxb5 28. Nc6 Bxc6 29. dxc6 Qe7 30. Re1 Qc7 31. Rc1 1-0

[Event "13. Dubai open 2011"]
[Site "Dubai UAE"]
[Date "2011.04.17"]
[Round "8.43"]
[White "Vishnu, Prasanna  V"]
[Black "El Arousy, Abdul Hameed"]
[Result "1/2-1/2"]
[WhiteElo "2358"]
[BlackElo "2238"]
[PlyCount "85"]
[EventDate "2011.04.10"]
[EventType "swiss"]
[EventRounds "9"]
[EventCountry "UAE"]
[Source "lmi"]
[SourceDate "2011.04.09"]

1. e4 e6 2. d4 d5 3. Nd2 dxe4 4. Nxe4 Bd7 5. Nf3 Bc6 6. Bd3 Nd7 7. O-O Ngf6 8.
Ng3 Be7 9. Re1 O-O 10. Qe2 Bxf3 11. Qxf3 c6 12. c3 Re8 13. Bf4 Nf8 14. a3 Ng6
15. Be3 Nd5 16. Bd2 Bg5 17. Bxg5 Qxg5 18. Ne4 Qf4 19. Qe2 Qc7 20. g3 Rad8 21.
Rad1 Re7 22. Ng5 Nf6 23. Qf3 Rde8 24. Ne4 Nd7 25. Bc2 a6 26. Rd2 Nb6 27. Qh5 h6
28. Rde2 Nd7 29. Rd2 Ngf8 30. Red1 Nh7 31. c4 Ndf6 32. Qe2 Nxe4 33. Qxe4 Nf6
34. Qe3 e5 35. Qc3 exd4 36. Rxd4 c5 37. R4d2 Qc6 38. Rd6 Re1+ 39. Rxe1 Rxe1+
40. Qxe1 Qxd6 41. Qe3 Kf8 42. Bf5 a5 43. h3 1/2-1/2

[Event "13. Dubai open 2011"]
[Site "Dubai UAE"]
[Date "2011.04.17"]
[Round "8.44"]
[White "Atabayev, Maksat"]
[Black "Saduakassova, Dinara"]
[Result "1/2-1/2"]
[WhiteElo "2355"]
[BlackElo "2208"]
[PlyCount "34"]
[EventDate "2011.04.10"]
[EventType "swiss"]
[EventRounds "9"]
[EventCountry "UAE"]
[Source "lmi"]
[SourceDate "2011.04.09"]

1. e4 c5 2. Nf3 d6 3. d4 cxd4 4. Nxd4 Nf6 5. f3 e6 6. c4 Be7 7. Nc3 b6 8. Be3
Bb7 9. Be2 O-O 10. O-O a6 11. a4 Qc7 12. Kh1 Rd8 13. Rc1 Nbd7 14. b4 Rac8 15.
Qb3 Qb8 16. b5 a5 17. Bf4 Bf8 1/2-1/2

[Event "13. Dubai open 2011"]
[Site "Dubai UAE"]
[Date "2011.04.17"]
[Round "8.45"]
[White "Nemcova, Katerina"]
[Black "Ilhomzoda, Ikrom"]
[Result "1/2-1/2"]
[WhiteElo "2289"]
[BlackElo "2184"]
[PlyCount "105"]
[EventDate "2011.04.10"]
[EventType "swiss"]
[EventRounds "9"]
[EventCountry "UAE"]
[Source "lmi"]
[SourceDate "2011.04.09"]

1. e4 g6 2. d4 Bg7 3. Nc3 d6 4. f4 a6 5. Nf3 b5 6. Bd3 Nd7 7. O-O c5 8. Be3
cxd4 9. Nxd4 Bb7 10. a4 bxa4 11. Rxa4 Ngf6 12. Nb3 Bc6 13. Ra5 O-O 14. Qe2 Qc7
15. Bd4 e5 16. fxe5 Nxe5 17. Bxe5 dxe5 18. Kh1 Nh5 19. Rxa6 Nf4 20. Qe3 Rxa6
21. Bxa6 Ba8 22. Nc5 f5 23. b4 Qb6 24. Rb1 fxe4 25. N3xe4 Kh8 26. Bc4 Rc8 27.
Qe1 h5 28. c3 g5 29. Bf1 Qg6 30. Ra1 h4 31. Ra6 Qh5 32. Qa1 Bd5 33. c4 Bxe4 34.
Nxe4 h3 35. Ng3 Qf7 36. gxh3 Qb7+ 37. Kg1 Qxb4 38. Ne4 Qb7 39. Nxg5 e4 40. Rh6+
Kg8 41. Qa6 Qxa6 42. Rxa6 e3 43. Ne6 e2 44. Bxe2 Nxe2+ 45. Kf2 Nd4 46. Nxg7
Kxg7 47. Ra4 Kf6 48. Ke3 Ne6 49. Rb4 Rh8 50. Ke4 Rxh3 51. Kd5 Rxh2 52. Kc6 Ke5
53. Kb5 1/2-1/2

[Event "13. Dubai open 2011"]
[Site "Dubai UAE"]
[Date "2011.04.17"]
[Round "8.48"]
[White "Satyaragyan, Swayangsu"]
[Black "Marcos Marvin"]
[Result "1-0"]
[WhiteElo "2459"]
[BlackElo "2134"]
[PlyCount "75"]
[EventDate "2011.04.10"]
[EventType "swiss"]
[EventRounds "9"]
[EventCountry "UAE"]
[Source "lmi"]
[SourceDate "2011.04.09"]

1. e4 e6 2. Nf3 d5 3. Nc3 Nf6 4. e5 Nfd7 5. d4 c5 6. dxc5 Nc6 7. Bf4 Bxc5 8.
Bd3 a6 9. Qe2 Nd4 10. Nxd4 Bxd4 11. O-O Qc7 12. Rfe1 Bxc3 13. bxc3 Qxc3 14.
Rab1 Qc7 15. Qg4 g6 16. Bh6 Rg8 17. Qh4 b5 18. Bc1 h5 19. Ba3 Qd8 20. Qd4 Bb7
21. Bd6 Nb6 22. a4 Bc6 23. axb5 axb5 24. Qc5 Rc8 25. Bxb5 Bxb5 26. Qxb5+ Nd7
27. h3 g5 28. g3 f5 29. exf6 Qxf6 30. Qxd5 Kf7 31. Qd3 Qg6 32. Rb7 Rgd8 33. Qb5
Ke8 34. Bc7 h4 35. Bxd8 Rxd8 36. g4 Qxc2 37. Rxe6+ Kf7 38. Rxd7+ 1-0

[Event "13. Dubai open 2011"]
[Site "Dubai UAE"]
[Date "2011.04.17"]
[Round "8.50"]
[White "Greeff, Melissa"]
[Black "Grabinsky, Vladimir"]
[Result "1/2-1/2"]
[WhiteElo "2080"]
[BlackElo "2303"]
[PlyCount "75"]
[EventDate "2011.04.10"]
[EventType "swiss"]
[EventRounds "9"]
[EventCountry "UAE"]
[Source "lmi"]
[SourceDate "2011.04.09"]

1. e4 c5 2. Nf3 e6 3. d3 Nc6 4. g3 Nge7 5. Bg2 g6 6. O-O Bg7 7. c3 e5 8. Be3 d6
9. a3 a5 10. a4 O-O 11. Nfd2 Be6 12. Na3 Qd7 13. Ndc4 Rad8 14. Nb6 Qe8 15. Nb5
f5 16. Nc7 Qf7 17. Nxe6 Qxe6 18. Qd2 Rf7 19. f4 fxe4 20. dxe4 exf4 21. gxf4 Qb3
22. Nd5 Nxd5 23. exd5 Ne7 24. Rfe1 Nf5 25. Bf2 Bh6 26. Bg3 Rdf8 27. Bh3 Rg7 28.
Re6 Qb6 29. Kh1 Rgf7 30. Re4 Qd8 31. Rg1 Kh8 32. Qe2 Qd7 33. Bg4 Rb8 34. Re1
Rbf8 35. Bh4 Qc7 36. Bg3 Qd7 37. Bh4 Qc7 38. Bg3 1/2-1/2

[Event "13. Dubai open 2011"]
[Site "Dubai UAE"]
[Date "2011.04.17"]
[Round "8.49"]
[White "Salah, Romany"]
[Black "Alhuwar, Jasem"]
[Result "0-1"]
[WhiteElo "2115"]
[BlackElo "2334"]
[PlyCount "120"]
[EventDate "2011.04.10"]
[EventType "swiss"]
[EventRounds "9"]
[EventCountry "UAE"]
[Source "lmi"]
[SourceDate "2011.04.09"]

1. e4 c5 2. Nf3 d6 3. d4 cxd4 4. Nxd4 g6 5. Nc3 Bg7 6. Be3 Nf6 7. Qd2 O-O 8.
Be2 Nc6 9. O-O-O Bd7 10. f3 Rc8 11. Kb1 Ne5 12. h4 h5 13. Rdg1 a6 14. g4 hxg4
15. h5 gxf3 16. Nxf3 Rxc3 17. Qxc3 Nxe4 18. Qe1 Ng4 19. Bc4 d5 20. Bxd5 Bf5 21.
Bb3 gxh5 22. Rxh5 Bg6 23. Rd5 Qc8 24. Nh4 Bh7 25. Qe2 Nxe3 26. Qxe3 Kh8 27. Nf3
Qh3 28. Qf4 e6 29. Ng5 Nxg5 30. Qxg5 Bg6 31. Rdd1 Kg8 32. Rg3 Qh2 33. Rg2 Qh3
34. Rdg1 Rc8 35. Qg4 Qxg4 36. Rxg4 Re8 37. a4 Kf8 38. Re1 Bf5 39. Rc4 Bf6 40.
Rc7 Re7 41. Rc8+ Kg7 42. Rg1+ Bg6 43. Bc4 Bd4 44. Rg2 a5 45. Bd3 f5 46. Rd8 Bb6
47. Rc8 Kf6 48. Rf8+ Kg7 49. Rc8 Kf6 50. Rf8+ Kg7 51. Rxf5 exf5 52. Bxf5 Re1+
53. Ka2 Rg1 54. Be4 Rxg2 55. Bxg2 Bxc2 56. Bxb7 Bxa4 57. Ka3 Bb5 58. b4 a4 59.
Be4 Be3 60. Ka2 Kf6 0-1

[Event "13. Dubai open 2011"]
[Site "Dubai UAE"]
[Date "2011.04.17"]
[Round "8.34"]
[White "Prathamesh, Sunil Mokal"]
[Black "Somoff, Abdo"]
[Result "1/2-1/2"]
[WhiteElo "2405"]
[BlackElo "2172"]
[PlyCount "112"]
[EventDate "2011.04.10"]
[EventType "swiss"]
[EventRounds "9"]
[EventCountry "UAE"]
[Source "lmi"]
[SourceDate "2011.04.09"]

1. e4 c5 2. Nf3 d6 3. d4 cxd4 4. Nxd4 Nf6 5. Nc3 g6 6. Be2 Bg7 7. O-O O-O 8.
Re1 Nc6 9. Nb3 Be6 10. Bf1 Rc8 11. Nd5 Ne5 12. Bg5 Neg4 13. h3 h6 14. Bc1 Ne5
15. Nxf6+ exf6 16. Nd4 Bc4 17. Bxc4 Nxc4 18. b3 Ne5 19. c4 a6 20. a4 Nc6 21.
Bb2 Re8 22. Qd3 Qb6 23. Nxc6 Qxc6 24. Re3 Re6 25. Rae1 Rce8 26. Bd4 b6 27. g4
Rb8 28. Qd2 h5 29. Qd3 h4 30. f4 Bh6 31. Qf1 Rbe8 32. Qf3 Ra8 33. R3e2 b5 34.
f5 gxf5 35. gxf5 Re5 36. Bxe5 dxe5 37. Rg2+ Bg5 38. axb5 axb5 39. Qd3 bxc4 40.
Qxc4 Qb6+ 41. Kh1 Rb8 42. Rb2 Bf4 43. b4 Bg3 44. Rd1 Qe3 45. Qd3 Qb6 46. Qf3
Qb5 47. Rbd2 Kg7 48. Rd7 Qc4 49. Qg4+ Kf8 50. Ra1 Bf4 51. Qg2 Bg3 52. Qf3 Qc2
53. Qg2 Qc3 54. Qa2 Qf3+ 55. Qg2 Qc3 56. Qa2 Qf3+ 1/2-1/2

[Event "13. Dubai open 2011"]
[Site "Dubai UAE"]
[Date "2011.04.17"]
[Round "8.36"]
[White "Shiven, Khosla"]
[Black "Surendran, N."]
[Result "1-0"]
[WhiteElo "2391"]
[BlackElo "2146"]
[PlyCount "57"]
[EventDate "2011.04.10"]
[EventType "swiss"]
[EventRounds "9"]
[EventCountry "UAE"]
[Source "lmi"]
[SourceDate "2011.04.09"]

1. e4 c5 2. Nf3 d6 3. d4 cxd4 4. Nxd4 Nf6 5. Nc3 a6 6. Be2 e5 7. Nb3 Be7 8. O-O
O-O 9. Be3 Qc7 10. Qd2 b5 11. a4 b4 12. Nd5 Nxd5 13. exd5 Nd7 14. Rfc1 Nf6 15.
c3 bxc3 16. bxc3 Rb8 17. Rab1 Bf5 18. Bd3 Bxd3 19. Qxd3 Rfc8 20. c4 Qd7 21. Na5
Rxb1 22. Qxb1 Qxa4 23. Nc6 Bf8 24. Bg5 Qa3 25. Bxf6 gxf6 26. Rd1 Qa4 27. Rc1
Qa3 28. Rf1 Qa4 29. Qb7 1-0

[Event "13. Dubai open 2011"]
[Site "Dubai UAE"]
[Date "2011.04.17"]
[Round "8.37"]
[White "Ingcongan, Mama"]
[Black "Hayrapetian, Ovik"]
[Result "0-1"]
[WhiteElo "1977"]
[BlackElo "2390"]
[PlyCount "120"]
[EventDate "2011.04.10"]
[EventType "swiss"]
[EventRounds "9"]
[EventCountry "UAE"]
[Source "lmi"]
[SourceDate "2011.04.09"]

1. Nf3 d5 2. d4 Nf6 3. g3 c5 4. c3 Nc6 5. Bg2 cxd4 6. cxd4 Bf5 7. O-O e6 8. Nc3
Bd6 9. Re1 h6 10. Nb5 Bb8 11. Nc3 O-O 12. e3 Bd6 13. Nb5 Nb4 14. Nxd6 Qxd6 15.
Re2 Rac8 16. Ne1 Qa6 17. Bf1 Nxa2 18. Rd2 Qc6 19. Rxa2 Qxc1 20. Rxa7 Ne4 21.
Qxc1 Rxc1 22. Re2 Ng5 23. f3 Rfc8 24. Kf2 R8c7 25. g4 Bg6 26. h4 Nh7 27. h5 Bb1
28. b4 Nf6 29. Rb2 Bh7 30. b5 Ne8 31. b6 Re7 32. Bd3 f5 33. Rc2 Rxc2+ 34. Nxc2
fxg4 35. Bxh7+ Kxh7 36. fxg4 Rf7+ 37. Kg3 Nd6 38. Na3 Nc8 39. Nb5 Nxb6 40. Nd6
Rd7 41. Nxb7 Nc4 42. Kf2 Nd6 43. Nxd6 Rxa7 44. Kg3 Rd7 45. Nb5 g6 46. Kf4 Rb7
47. Nd6 Rb3 48. Ne8 g5+ 49. Kf3 Rb7 50. Nd6 Rb8 51. e4 Rf8+ 52. Ke3 Rf4 53.
exd5 exd5 54. Nb5 Rxg4 55. Nc7 Rg3+ 56. Ke2 Rh3 57. Nxd5 Kg7 58. Ne3 Rxh5 59.
d5 Rh2+ 60. Kf3 Rh3+ 0-1

[Event "13. Dubai open 2011"]
[Site "Dubai UAE"]
[Date "2011.04.17"]
[Round "8.38"]
[White "Carlstedt, Jonathan"]
[Black "Arellano, Robert"]
[Result "1/2-1/2"]
[WhiteElo "2386"]
[BlackElo "2060"]
[PlyCount "89"]
[EventDate "2011.04.10"]
[EventType "swiss"]
[EventRounds "9"]
[EventCountry "UAE"]
[Source "lmi"]
[SourceDate "2011.04.09"]

1. c4 e5 2. g3 Nf6 3. Bg2 Be7 4. Nc3 O-O 5. e4 d6 6. Nge2 Be6 7. d3 c6 8. O-O
Nfd7 9. f4 f6 10. f5 Bf7 11. g4 Nb6 12. Be3 d5 13. exd5 cxd5 14. c5 N6d7 15. b4
a5 16. Nxd5 axb4 17. Nxe7+ Qxe7 18. Bxb7 Ra5 19. Qb1 b3 20. axb3 Rxa1 21. Qxa1
Nxc5 22. Bg2 Nxb3 23. Qc3 Qd7 24. d4 Rc8 25. Qb2 exd4 26. Nxd4 Nxd4 27. Qxd4
Qxd4 28. Bxd4 Rc4 29. Rd1 Nc6 30. Be3 h6 31. h4 Rxg4 32. Kf2 Ne5 33. Rd4 h5 34.
Bf3 Nxf3 35. Kxf3 Bb3 36. Rxg4 Bd1+ 37. Kf4 hxg4 38. Bc5 Kh7 39. Bf8 Kh6 40.
Kg3 Kh7 41. Kf4 Kg8 42. Bc5 Kf7 43. Bb4 g6 44. fxg6+ Kxg6 45. Bd6 1/2-1/2

[Event "13. Dubai open 2011"]
[Site "Dubai UAE"]
[Date "2011.04.17"]
[Round "8.39"]
[White "Abedi, Ali"]
[Black "Salem A R, Saleh"]
[Result "1/2-1/2"]
[WhiteElo "2159"]
[BlackElo "2511"]
[PlyCount "172"]
[EventDate "2011.04.10"]
[EventType "swiss"]
[EventRounds "9"]
[EventCountry "UAE"]
[Source "lmi"]
[SourceDate "2011.04.09"]

1. e4 c5 2. Nf3 d6 3. d4 cxd4 4. Nxd4 Nf6 5. Nc3 Nc6 6. Be2 e5 7. Nb3 Be7 8.
O-O O-O 9. f4 a5 10. Kh1 a4 11. Nd2 exf4 12. Nc4 g5 13. g3 b5 14. Nxb5 Nxe4 15.
gxf4 d5 16. Ne3 Bh3 17. Rf3 d4 18. Qd3 Nc5 19. Qd1 dxe3 20. Rxh3 Qxd1+ 21. Bxd1
gxf4 22. Bf3 Rac8 23. b3 Bf6 24. Rb1 Rfd8 25. Ba3 Ne5 26. Rg1+ Kh8 27. Na7 Rc7
28. Nb5 Rcc8 29. Na7 Rc7 30. Nb5 Nxf3 31. Rxf3 Rc6 32. Na7 Rc7 33. Nb5 Rc6 34.
Na7 Rc7 35. Nb5 Rcc8 36. Rxf4 Be5 37. Rxf7 Rd2 38. Rg5 Ne4 39. Rxe5 Rg8 40.
Ref5 Rxc2 41. Rf8 e2 42. Rxg8+ Kxg8 43. Bb4 Nd2 44. Rf8+ Kg7 45. Re8 Rc1+ 46.
Kg2 e1=Q 47. Rxe1 Rxe1 48. Kf2 Re5 49. Bxd2 Rxb5 50. Bc3+ Kg6 51. bxa4 Rc5 52.
Bb4 Rc2+ 53. Kg3 Rxa2 54. a5 Ra4 55. Be1 Kf5 56. Kh3 Ra3+ 57. Kh4 Ra1 58. Bg3
Kg6 59. Bc7 h5 60. Kg3 Ra4 61. Bd8 Rd4 62. Bb6 Ra4 63. Bd8 Kf5 64. Kh3 Kg6 65.
Kg3 Ra2 66. Bc7 Kf6 67. Kh4 Kg6 68. Kg3 Ra3+ 69. Kh4 Ra4+ 70. Kg3 h4+ 71. Kf3
Kf5 72. Ke3 Ke6 73. Kf3 Rc4 74. Bb8 Rc8 75. Ba7 Kf5 76. Be3 Rc6 77. Bf2 Rc3+
78. Ke2 Kg4 79. a6 Ra3 80. a7 h3 81. Bc5 Ra5 82. Ke3 Ra2 83. Ke4 Ra4+ 84. Kd5
Kf3 85. Kc6 Kg2 86. Kb7 Rxa7+ 1/2-1/2

[Event "13. Dubai open 2011"]
[Site "Dubai UAE"]
[Date "2011.04.17"]
[Round "8.46"]
[White "Fenil, Shah"]
[Black "Khademalsharieh, Sarasadat"]
[Result "1-0"]
[WhiteElo "2282"]
[BlackElo "2137"]
[PlyCount "53"]
[EventDate "2011.04.10"]
[EventType "swiss"]
[EventRounds "9"]
[EventCountry "UAE"]
[Source "lmi"]
[SourceDate "2011.04.09"]

1. e4 e5 2. Nf3 Nc6 3. Bc4 Bc5 4. c3 Nf6 5. d3 a6 6. Bb3 d6 7. Nbd2 Ba7 8. O-O
O-O 9. h3 h6 10. Re1 Nh5 11. Nf1 Qf6 12. Be3 Nf4 13. Ng3 g6 14. d4 Ne7 15. Nh2
g5 16. Ng4 Qg7 17. dxe5 dxe5 18. Bxa7 Rxa7 19. Ne3 Ra8 20. Qf3 Bd7 21. Ngf5
Nxf5 22. Nxf5 Bxf5 23. exf5 c6 24. Qe4 Rfe8 25. Rad1 Re7 26. Rd6 Nh5 27. Rg6
1-0

[Event "13. Dubai open 2011"]
[Site "Dubai UAE"]
[Date "2011.04.17"]
[Round "8.51"]
[White "Mona, Khaled"]
[Black "Esenov, Annaberdi"]
[Result "0-1"]
[WhiteElo "2076"]
[BlackElo "2283"]
[PlyCount "100"]
[EventDate "2011.04.10"]
[EventType "swiss"]
[EventRounds "9"]
[EventCountry "UAE"]
[Source "lmi"]
[SourceDate "2011.04.09"]

1. d4 Nf6 2. Nc3 d5 3. Bg5 h6 4. Bxf6 exf6 5. e3 c6 6. Bd3 Bd6 7. Qf3 Be6 8.
Nge2 Qd7 9. h3 f5 10. Nf4 Na6 11. a3 Nc7 12. Nh5 Rg8 13. Ne2 O-O-O 14. Neg3
Bxg3 15. Nxg3 g6 16. b4 Ne8 17. a4 Nd6 18. O-O h5 19. Qd1 h4 20. Ne2 g5 21. Kh1
f4 22. Kh2 f3 23. gxf3 Bxh3 24. Rg1 Be6 25. b5 f5 26. Qe1 Qc7 27. Kh1 Bd7 28.
bxc6 Bxc6 29. a5 Rde8 30. c3 Qd7 31. Kh2 Qe6 32. Qb1 Bd7 33. f4 Ne4 34. Bxe4
fxe4 35. Qf1 g4 36. Ra2 Bb5 37. Rb2 Bc4 38. Qb1 Re7 39. Rg2 g3+ 40. fxg3 hxg3+
41. Nxg3 Rh7+ 42. Kg1 Qh3 43. Kf2 Qg4 44. Kg1 Qh3 45. Kf2 Rhg7 46. Qg1 Qg4 47.
Ke1 Qxg3+ 48. Rxg3 Rxg3 49. Qxg3 Rxg3 50. Kf2 Rf3+ 0-1

[Event "13. Dubai open 2011"]
[Site "Dubai UAE"]
[Date "2011.04.18"]
[Round "9.2"]
[White "Balogh, Csaba"]
[Black "Sasikiran, Krishnan"]
[Result "1-0"]
[WhiteElo "2601"]
[BlackElo "2682"]
[PlyCount "123"]
[EventDate "2011.04.10"]
[EventType "swiss"]
[EventRounds "9"]
[EventCountry "UAE"]
[Source "lmi"]
[SourceDate "2011.04.09"]

1. e4 c5 2. Nf3 d6 3. d4 cxd4 4. Nxd4 Nf6 5. Nc3 a6 6. Bg5 e6 7. f4 Nbd7 8. Qf3
Qc7 9. O-O-O b5 10. e5 Bb7 11. Qh3 dxe5 12. Nxe6 fxe6 13. Qxe6+ Be7 14. Bxf6
gxf6 15. Bxb5 axb5 16. Nxb5 Qc6 17. Nd6+ Kd8 18. Nxb7+ Qxb7 19. Rxd7+ Qxd7 20.
Rd1 Qxd1+ 21. Kxd1 Ke8 22. fxe5 Rd8+ 23. Ke2 fxe5 24. a4 Rf8 25. a5 Rd6 26. Qc4
Rf4 27. Qg8+ Kd7 28. Qxh7 e4 29. Qh3+ Kd8 30. Qb3 Rff6 31. Qb8+ Kd7 32. Qb5+
Kc7 33. b4 Rfe6 34. Qc4+ Kd7 35. b5 Bd8 36. b6 Bxb6 37. axb6 Rxb6 38. Ke3 Rbc6
39. Qb3 Kc7 40. g4 Rb6 41. Qc4+ Rbc6 42. Qb3 Re5 43. h4 Rec5 44. Qf7+ Kb6 45.
h5 Rxc2 46. g5 R6c3+ 47. Kxe4 Rc4+ 48. Kd5 Rc5+ 49. Kd4 Rd2+ 50. Ke3 Rg2 51.
Qf6+ Ka5 52. Qd8+ Kb5 53. Qd7+ Kb6 54. Qd6+ Kb5 55. Qb8+ Kc4 56. g6 Rxh5 57.
Qc8+ Rc5 58. Qa6+ Kd5 59. Qb7+ Rc6 60. Qd7+ Rd6 61. Qf5+ Kc4 62. Qe4+ 1-0

[Event "13. Dubai open 2011"]
[Site "Dubai UAE"]
[Date "2011.04.18"]
[Round "9.3"]
[White "Miroshnichenko, Evgenij"]
[Black "Amin, Bassem"]
[Result "1/2-1/2"]
[WhiteElo "2670"]
[BlackElo "2596"]
[PlyCount "85"]
[EventDate "2011.04.10"]
[EventType "swiss"]
[EventRounds "9"]
[EventCountry "UAE"]
[Source "lmi"]
[SourceDate "2011.04.09"]

1. d4 Nf6 2. Nf3 e6 3. c4 Bb4+ 4. Nbd2 b6 5. a3 Bxd2+ 6. Qxd2 Bb7 7. e3 O-O 8.
Be2 d6 9. O-O a5 10. b3 Nbd7 11. Bb2 Ne4 12. Qd3 f5 13. Ne1 Qh4 14. f3 Ng5 15.
Qd2 Rf6 16. Bd1 Rh6 17. g3 Qh5 18. h4 Nf6 19. d5 e5 20. Qg2 Nf7 21. f4 Qg6 22.
Nd3 Re8 23. Kh2 Ng4+ 24. Bxg4 Qxg4 25. Rae1 g5 26. fxe5 dxe5 27. Qe2 gxh4 28.
Qxg4+ fxg4 29. Nf2 Bc8 30. gxh4 Rxh4+ 31. Kg3 Rh6 32. Rh1 Rf6 33. Rh4 Nd6 34.
Rh5 Nf7 35. Kg2 h6 36. Ne4 Rf3 37. Nd2 Rh3 38. Rxh3 gxh3+ 39. Kh2 Ng5 40. Rf1
Kg7 41. Nf3 Nxf3+ 42. Rxf3 Bg4 43. Rf2 1/2-1/2

[Event "13. Dubai open 2011"]
[Site "Dubai UAE"]
[Date "2011.04.18"]
[Round "9.4"]
[White "Hammer, Jon Ludvig"]
[Black "Aleksandrov, Aleksej"]
[Result "1-0"]
[WhiteElo "2606"]
[BlackElo "2638"]
[PlyCount "90"]
[EventDate "2011.04.10"]
[EventType "swiss"]
[EventRounds "9"]
[EventCountry "UAE"]
[Source "lmi"]
[SourceDate "2011.04.09"]

1. d4 Nf6 2. c4 e6 3. Nf3 d5 4. Nc3 Bb4 5. cxd5 exd5 6. Bg5 Nbd7 7. e3 c5 8.
Be2 Qa5 9. O-O c4 10. Qc2 Bxc3 11. bxc3 Ne4 12. Rac1 b5 13. Bf4 Bb7 14. Ne5 Nb6
15. f3 Nd6 16. Nc6 Qa3 17. Na5 Bc8 18. e4 Bd7 19. Bxd6 Qxd6 20. Nb7 Qf4 21. Nc5
Bc6 22. e5 O-O 23. Rce1 b4 24. Bd1 a5 25. e6 Rfe8 26. g3 Qf6 27. f4 fxe6 28.
Bg4 bxc3 29. Bxe6+ Kh8 30. Qxc3 Na4 31. Nxa4 Rxe6 32. Nc5 Ree8 33. Kg2 h6 34.
Re5 a4 35. h3 a3 36. Rf3 Qd8 37. g4 Qb8 38. Rf2 Qb1 39. Qe3 Qb2 40. f5 Rxe5 41.
Qxe5 Re8 42. Ne6 Qb7 43. f6 gxf6 44. Rxf6 Rxe6 45. Rxh6+ Kg8 1-0

[Event "13. Dubai open 2011"]
[Site "Dubai UAE"]
[Date "2011.04.18"]
[Round "9.5"]
[White "Kazhgaleyev, Murtas"]
[Black "Pantsulaia, Levan"]
[Result "1-0"]
[WhiteElo "2618"]
[BlackElo "2595"]
[PlyCount "63"]
[EventDate "2011.04.10"]
[EventType "swiss"]
[EventRounds "9"]
[EventCountry "UAE"]
[Source "lmi"]
[SourceDate "2011.04.09"]

1. d4 Nf6 2. c4 c5 3. d5 e6 4. Nc3 exd5 5. cxd5 d6 6. Nf3 g6 7. Bf4 a6 8. a4
Bg7 9. h3 O-O 10. e3 Ne8 11. Be2 Nd7 12. O-O h6 13. Nd2 Ne5 14. Qb3 f5 15. Bh2
g5 16. f4 gxf4 17. exf4 Nd7 18. Bd3 Qf6 19. Kh1 Nc7 20. Nc4 Rb8 21. a5 Re8 22.
Bg1 Kh8 23. Rae1 Rxe1 24. Rxe1 b5 25. axb6 Nxb6 26. Nxb6 Qd8 27. Re2 Bd7 28.
Qc2 Rxb6 29. Bxf5 Nb5 30. Bxd7 Qxd7 31. Qg6 Rb8 32. Re6 1-0

[Event "13. Dubai open 2011"]
[Site "Dubai UAE"]
[Date "2011.04.18"]
[Round "9.6"]
[White "Fedorov, Alexei"]
[Black "Berg, Emanuel"]
[Result "1/2-1/2"]
[WhiteElo "2596"]
[BlackElo "2612"]
[PlyCount "127"]
[EventDate "2011.04.10"]
[EventType "swiss"]
[EventRounds "9"]
[EventCountry "UAE"]
[Source "lmi"]
[SourceDate "2011.04.09"]

1. e4 c5 2. Nf3 d6 3. d4 cxd4 4. Nxd4 Nf6 5. Nc3 a6 6. Bc4 e6 7. a3 Be7 8. Ba2
O-O 9. O-O Nc6 10. Be3 Nxd4 11. Bxd4 b5 12. Qe2 Bb7 13. Rad1 Qc7 14. f3 Bc6 15.
Kh1 Qb7 16. Qf2 a5 17. b4 Rfc8 18. Bb3 Bd7 19. Rd3 axb4 20. axb4 e5 21. Be3 Be6
22. Bg5 Bxb3 23. cxb3 Ne8 24. Bxe7 Qxe7 25. Nxb5 Qb7 26. Nxd6 Nxd6 27. Rxd6
Qxb4 28. Rd3 Rc3 29. Rxc3 Qxc3 30. Rb1 h5 31. b4 Rd8 32. Qc5 Qxc5 33. bxc5 Kf8
34. h4 Rc8 35. Rb5 Ke7 36. Kh2 Kd7 37. Kh3 Kc6 38. Ra5 Rb8 39. g4 g6 40. Kg3
Rb7 41. gxh5 gxh5 42. Ra6+ Kxc5 43. Rh6 Rb1 44. Rxh5 Kd6 45. Rg5 Ke6 46. Kh2
Rb2+ 47. Kh3 Rb1 48. Kh2 Rb2+ 49. Rg2 Rb3 50. Kg3 f5 51. exf5+ Kxf5 52. Re2 Rb1
53. Re4 Rg1+ 54. Kf2 Rg8 55. Ra4 Rg7 56. Ra8 Rf7 57. Ke3 Rh7 58. Ra4 Rb7 59.
Rg4 Rb2 60. Rg8 Rh2 61. Rf8+ Ke6 62. Rh8 Kf6 63. Rh5 Kg6 64. Ke4 1/2-1/2